| 000 | 00737cab a2200265 4500 | ||
|---|---|---|---|
| 001 | WB3211-11 | ||
| 008 | 090401t1996 xxu||||| |||| 00| 0 eng d | ||
| 035 | _a(Sirsi) u50655 | ||
| 041 | _aeng | ||
| 245 | _aOffice of the future | ||
| 260 | _c1996 | ||
| 350 | _a0 | ||
| 490 |
_aThe Waste Manager _v(2) March 1996, 10(1) |
||
| 520 | _aThe BRE is using recycled concrete in an experimental building project. | ||
| 650 | _aBUILT ENVIRONMENT-BUILDING MATERIALS | ||
| 650 | _aCONCRETE | ||
| 650 | _aOFFICE BUILDINGS | ||
| 650 | _aRECYCLED AGGREGATES | ||
| 650 | _aRECYCLED MATERIALS | ||
| 650 | _aRECYCLING | ||
| 690 | _aBUILT ENVIRONMENT-BUILDING MATERIALS | ||
| 690 | _aCONSERVATION | ||
| 942 | _n0 | ||
| 948 | _c04/03/1997 | ||
| 999 |
_c31612 _d31612 |
||